Sunday morning. December 18, 1892 / Almanac :

This segment of Sunday Morning is about British scientist Sir Richard Owen's coining of the term dinosaur in 1842, and man's fascination with them to this day.

Bibliographic Details
Other Authors: Osgood, Charles (Speaker)
Format: Video
Language:English
Language Notes:In English.
Published: New York, NY : Columbia Broadcasting System, 2011.
Series:Academic Video Online
Subjects:
Online Access:Connect to this streaming video (Alexander Street Press)

MARC

Tag First Indicator Second Indicator Subfields
LEADER 00000cgm a2200000Mi 4500
001 in00005541920
006 m o c
007 cr |n||||||||a
007 vz |za|z|
008 180830s2011 nyu003 e o vueng d
005 20241201225907.0
035 |a (OCoLC)on1081432743 
040 |a ALSTP  |b eng  |e rda  |c ALSTP  |d OCLCO  |d OCLCF  |d UPM  |d UHL  |d OCLCQ  |d OCLCO  |d OCLCL  |d DXU 
019 |a 1113273024  |a 1373557286  |a 1443974468 
035 |a (OCoLC)1081432743  |z (OCoLC)1113273024  |z (OCoLC)1373557286  |z (OCoLC)1443974468 
049 |a TXAM 
245 0 0 |a Sunday morning.  |p Almanac :  |b December 18, 1892 /  |c produced by Columbia Broadcasting System. 
246 3 3 |a Almanac :  |b December 18, 1892 
264 1 |a New York, NY :  |b Columbia Broadcasting System,  |c 2011. 
300 |a 1 online resource (3 minutes) 
306 |a 000220 
336 |a two-dimensional moving image  |b tdi  |2 rdacontent 
337 |a computer  |b c  |2 rdamedia 
337 |a video  |b v  |2 rdamedia 
338 |a online resource  |b cr  |2 rdacarrier 
347 |a video file  |2 rda 
490 0 |a Academic Video Online 
500 |a Title from resource description page (viewed November 28, 2018). 
520 |a This segment of Sunday Morning is about British scientist Sir Richard Owen's coining of the term dinosaur in 1842, and man's fascination with them to this day. 
546 |a In English. 
600 1 0 |a Owen, Richard,  |d 1804-1892. 
600 1 7 |a Owen, Richard,  |d 1804-1892.  |2 fast  |0 (OCoLC)fst00048579  |1 https://id.oclc.org/worldcat/entity/E39PBJycVBVqY9KphHCR9d9Rrq 
650 0 |a Dinosaurs. 
650 6 |a Dinosaures. 
650 7 |a Dinosaurs.  |2 fast  |0 (OCoLC)fst00893996 
655 7 |a Television news programs.  |2 fast  |0 (OCoLC)fst01710455 
655 7 |a Television news programs.  |2 lcgft 
655 7 |a Téléjournaux.  |2 rvmgf 
700 1 |a Osgood, Charles,  |e speaker. 
710 2 |a CBS News,  |e production company. 
758 |i has work:  |a Sunday morning Almanac (MovingImage)  |1 https://id.oclc.org/worldcat/entity/E39PCFtqC4JXHDRBKCtYQvcPry  |4 https://id.oclc.org/worldcat/ontology/hasWork 
856 4 0 |u http://proxy.library.tamu.edu/login?url=https://www.aspresolver.com/aspresolver.asp?MARC;3163636  |z Connect to this streaming video (Alexander Street Press)  |t 0 
955 |a Alexander Street Press subscription streaming video 
994 |a 92  |b TXA 
999 f f |s 60979ea2-d88a-4bd1-8070-4e7ce6a5087f  |i 1357923b-52b5-4410-bb46-99ac4019c182  |t 0 
952 f f |a Texas A&M University  |b College Station  |c Electronic Resources  |d Available Online  |t 0  |h Library of Congress classification 
998 f f |t 0  |l Available Online